El libro de las misiones
Saved in:
| Hovedforfatter: | |
|---|---|
| Format: | Bog |
| Sprog: | spansk |
| Udgivet: |
Buenos Aires
Espasa-Calpe
1984
|
| Udgivelse: | 10a. ed |
| Serier: | Colección Austral, 101
|
| Fag: | |
| Tags: |
Tilføj Tag
Ingen Tags, Vær først til at tagge denne postø!
|
MARC
| LEADER | 00000nam a2200000 a 4500 | ||
|---|---|---|---|
| 001 | UCU8542 | ||
| 003 | CL-VaPUC | ||
| 005 | 20250228100412.0 | ||
| 008 | 960726e19840000AG |||||||||||||||||spa|d | ||
| 999 | |c 301248 |d 301246 | ||
| 040 | |c Pontificia Universidad Católica de Valparaíso | ||
| 082 | 0 | 4 | |a 196.1 |b ORT |2 21 |
| 100 | |a Ortega y Gasset, José |e autor |9 878566 | ||
| 245 | 1 | 3 | |a El libro de las misiones |
| 250 | |a 10a. ed | ||
| 260 | |a Buenos Aires |b Espasa-Calpe |c 1984 | ||
| 300 | |a 162 p | ||
| 490 | 0 | |a Colección Austral, 101 | |
| 583 | |a last modification |c 19960726 00:00:00 |k Rodrigo Vera | ||
| 650 | 0 | |a Filosofía |9 223554 | |
| 650 | 0 | |a Universidades |9 256317 | |
| 650 | 0 | |a Vitalismo |9 311571 | |
| 650 | 7 | |a BIBLIOTECARIOS |2 CL-VaPUC |9 471161 | |
| 650 | 0 | |a Traductores |9 357262 | |
| 942 | |c BK |2 ddc | ||
| 945 | |d 19960726 00:00:00 |a paguirre | ||